[Event "World Rapid Women 2025"]
[Site "Doha QAT"]
[Date "2025.12.26"]
[Round "2.17"]
[White "Nomin-Erdene, Davaademberel"]
[Black "Shuvalova, Polina"]
[Result "1/2-1/2"]
[WhiteTitle "IM"]
[BlackTitle "IM"]
[WhiteElo "2312"]
[BlackElo "2502"]
[WhiteFideId "4900782"]
[BlackFideId "24171760"]
[EventDate "2025.12.26"]

1. e4 e5 2. Nf3 Nc6 3. Bc4 Nf6 4. Ng5 d5 5. exd5 Na5 6. Bb5+ c6 7. dxc6 bxc6 8.
Bd3 Nd5 9. h4 h6 10. Qh5 Qf6 11. Nh7 Rxh7 12. Bxh7 g6 13. Qe2 h5 14. d4 Bd6 15.
Nc3 Nxc3 16. bxc3 Be6 17. O-O Bc4 18. Qe4 Bxf1 19. Kxf1 Qe6 20. Bg5 Kd7 21. Rd1
exd4 22. Qxd4 Qc4+ 23. Qxc4 Nxc4 24. Rd4 Nb6 25. Bf6 Ke6 26. Bg7 Bf8 27. Re4+
Kd5 28. Rd4+ Kc5 29. Be5 Nd5 30. Bg8 f6 31. Bg3 Bg7 32. Bf7 f5 33. Rd3 f4 34.
Bxd5 fxg3 35. Be4 gxf2 36. Kxf2 Rf8+ 37. Rf3 Rxf3+ 38. Kxf3 Bf6 39. Bxg6 Bxh4
40. Bxh5 Kd5 41. Kf4 Bf6 42. Bf7+ Kd6 43. c4 c5 44. Kf5 Bd4 45. g4 a5 46. a4 Ke7
47. Bd5 Bc3 48. g5 Bd4 49. g6 Bg7 50. Bf7 Kd6 51. Ke4 Bh8 52. Kf5 Bg7 53. Bd5
Ke7 54. Bg8 Kd6 55. Kg5 Ke5 56. Bd5 Kd6 57. Kf5 1/2-1/2

[Event "World Rapid Women 2025"]
[Site "Doha QAT"]
[Date "2025.12.26"]
[Round "2.18"]
[White "Vaishali, Rameshbabu"]
[Black "Serikbay, Assel"]
[Result "1-0"]
[WhiteTitle "GM"]
[BlackTitle "WIM"]
[WhiteElo "2473"]
[BlackElo "2221"]
[WhiteFideId "5091756"]
[BlackFideId "13706799"]
[EventDate "2025.12.26"]

1. Nf3 c5 2. g3 Nc6 3. Bg2 g6 4. O-O Bg7 5. d3 e6 6. e4 Nge7 7. c3 d5 8. Be3 b6
9. Qc1 h5 10. exd5 Nxd5 11. Re1 Bb7 12. Bg5 Qd7 13. Na3 O-O 14. Bh6 Rfe8 15.
Bxg7 Kxg7 16. Nc4 f6 17. a4 Rad8 18. Qc2 e5 19. Rad1 Qc7 20. Qb3 g5 21. h4 g4
22. Nfd2 Nde7 23. Ne4 Ng6 24. Ne3 Na5 25. Qa2 Bc8 26. b4 Nb7 27. Nd5 Rxd5 28.
Qxd5 Be6 29. Nxf6 Re7 30. Nxh5+ Kh6 31. Qxb7 Qxb7 32. Bxb7 Rxb7 33. Nf6 Rf7 34.
Ne4 Bb3 35. Ra1 cxb4 36. cxb4 Rd7 37. Re3 Rd4 38. b5 Bxa4 39. Nc3 Bc2 40. Rxa7
Bxd3 41. Rb7 Rd6 42. Rc7 Bf5 43. Rc6 Rd4 44. Rxe5 Bd7 45. Rxb6 Rc4 46. Rg5 Be8
47. Re5 Bf7 48. h5 Rxc3 49. hxg6 Rc1+ 50. Kg2 Bc4 51. Rc6 Bf1+ 52. Kh2 Rb1 53.
g7+ Kxg7 54. Re7+ Kf8 55. Rb7 1-0

[Event "World Rapid Women 2025"]
[Site "Doha QAT"]
[Date "2025.12.26"]
[Round "2.19"]
[White "Francisco Guecamburu, Candela Be"]
[Black "Krush, Irina"]
[Result "1/2-1/2"]
[WhiteTitle "WGM"]
[BlackTitle "GM"]
[WhiteElo "2238"]
[BlackElo "2402"]
[WhiteFideId "160911"]
[BlackFideId "2012782"]
[EventDate "2025.12.26"]

1. e4 c5 2. Nf3 e6 3. d4 cxd4 4. Nxd4 a6 5. Bd3 Bc5 6. Nb3 Ba7 7. O-O Ne7 8. Qe2
O-O 9. Be3 Nbc6 10. c4 d5 11. Bxa7 dxc4 12. Bxc4 Rxa7 13. Qe3 b6 14. Nc3 Rd7 15.
Rfd1 Rxd1+ 16. Rxd1 Qc7 17. Be2 Rd8 18. Rxd8+ Qxd8 19. Na4 b5 20. Nac5 Qd6 21.
a4 bxa4 22. Nxa4 Qb4 23. Nbc5 a5 24. Qc3 Qb8 25. h3 h6 26. Qb3 Nb4 27. Qc3 Nec6
28. Qd2 Qc7 29. Bb5 Ne5 30. Qd4 Nec6 31. Qd2 Nd8 32. Qc3 Ndc6 33. Qd2 Ne5 34.
Qd4 Nec6 35. Qd2 1/2-1/2

[Event "World Rapid Women 2025"]
[Site "Doha QAT"]
[Date "2025.12.26"]
[Round "2.20"]
[White "Khademalsharieh, Sarasadat"]
[Black "Nguyen Hong Nhung"]
[Result "1/2-1/2"]
[WhiteTitle "IM"]
[BlackTitle "FM"]
[WhiteElo "2414"]
[BlackElo "2268"]
[WhiteFideId "12512214"]
[BlackFideId "12412201"]
[EventDate "2025.12.26"]

1. d4 f5 2. g3 Nf6 3. Bg2 d6 4. c3 c6 5. Nd2 e5 6. dxe5 dxe5 7. Ngf3 e4 8. Nd4
Be7 9. Qb3 Qd5 10. Nc4 O-O 11. Ne3 Qxb3 12. axb3 g6 13. b4 c5 14. bxc5 Bxc5 15.
Nb5 Nc6 16. b4 Bb6 17. Nc4 Be6 18. Nxb6 axb6 19. Rxa8 Rxa8 20. Nc7 Ra1 21. O-O
Bc4 22. Bg5 Rxf1+ 23. Bxf1 Nd7 24. Ne8 Nce5 25. Nd6 Bd5 26. Be3 Nc4 27. Nxc4
Bxc4 28. Bd4 Kf7 29. f3 exf3 30. exf3 Bxf1 31. Kxf1 b5 32. Ke2 Ke6 33. h4 Kd5
34. Kd3 Nf8 35. Be3 Nd7 36. Bd4 Nf8 37. Be3 Ne6 38. Bd2 Nd8 39. Bf4 Ne6 40. Be3
Nf8 41. Bh6 Ne6 42. Be3 Nf8 43. Bh6 Ne6 1/2-1/2

[Event "World Rapid Women 2025"]
[Site "Doha QAT"]
[Date "2025.12.26"]
[Round "2.21"]
[White "Mgeladze, Kesaria"]
[Black "Garifullina, Leya"]
[Result "0-1"]
[WhiteTitle "WIM"]
[BlackTitle "IM"]
[WhiteElo "2195"]
[BlackElo "2454"]
[WhiteFideId "13621130"]
[BlackFideId "34127035"]
[EventDate "2025.12.26"]

1. e4 c5 2. Nf3 d6 3. d4 cxd4 4. Nxd4 Nf6 5. Nc3 a6 6. f3 e5 7. Nb3 Be6 8. Nd5
Nxd5 9. exd5 Bf5 10. Bd3 Bxd3 11. Qxd3 Be7 12. O-O Nd7 13. Be3 O-O 14. c4 Rc8
15. Rac1 Re8 16. Rfd1 b6 17. Nd2 a5 18. a3 a4 19. Ne4 Ra8 20. Nc3 Bg5 21. Ne4
Bxe3+ 22. Qxe3 Qe7 23. Qc3 f5 24. Ng3 g6 25. Ne2 Nc5 26. f4 exf4 27. Nxf4 Qe3+
28. Qxe3 Rxe3 29. Re1 Rae8 30. Rxe3 Rxe3 31. Rc2 g5 32. Ne2 Kf7 33. Kf2 f4 34.
Kf1 Nd3 35. h3 h5 36. Kg1 Kf6 37. Rd2 Ke5 38. Nc3 Nxb2 39. Rxb2 Rxc3 40. Rxb6
Rxa3 41. Ra6 Ra1+ 42. Kf2 a3 43. Kf3 a2 44. Kf2 g4 45. hxg4 hxg4 46. Ra8 g3+ 47.
Ke2 Rg1 0-1

[Event "World Rapid Women 2025"]
[Site "Doha QAT"]
[Date "2025.12.26"]
[Round "2.22"]
[White "Batsiashvili, Nino"]
[Black "Khafizova, Diana"]
[Result "1-0"]
[WhiteTitle "GM"]
[BlackTitle "WFM"]
[WhiteElo "2462"]
[BlackElo "2234"]
[WhiteFideId "13602993"]
[BlackFideId "34378049"]
[EventDate "2025.12.26"]

1. d4 Nf6 2. c4 e6 3. Nc3 d5 4. Bg5 Be7 5. e3 O-O 6. Nf3 h6 7. Bh4 Nbd7 8. a3 b6
9. cxd5 exd5 10. Bd3 Bb7 11. O-O c5 12. Rc1 Rc8 13. Bf5 g6 14. Bb1 Re8 15. Ne5
Nxe5 16. dxe5 Ne4 17. Bxe7 Rxe7 18. f4 Nxc3 19. Rxc3 d4 20. exd4 Qd5 21. Rg3
cxd4 22. Bd3 Kf8 23. Qg4 Rec7 24. Qh4 h5 25. f5 Rc2 26. Qg5 Qxe5 27. Bxc2 Rxc2
28. fxg6 Qxg5 29. Rxg5 Rc7 30. gxf7 Rxf7 31. Rxf7+ Kxf7 32. Rxh5 d3 33. Kf2 Ke6
34. Ke3 1-0

[Event "World Rapid Women 2025"]
[Site "Doha QAT"]
[Date "2025.12.26"]
[Round "2.23"]
[White "Mikheeva, Galina"]
[Black "Munkhzul, Turmunkh"]
[Result "1-0"]
[WhiteTitle "FM"]
[BlackTitle "WGM"]
[WhiteElo "2122"]
[BlackElo "2271"]
[WhiteFideId "44108320"]
[BlackFideId "4901878"]
[EventDate "2025.12.26"]

1. e4 c5 2. Nc3 d6 3. d4 cxd4 4. Qxd4 Nc6 5. Qd2 Nf6 6. b3 g6 7. Bb2 Bg7 8.
O-O-O O-O 9. f3 Be6 10. g4 Rc8 11. Kb1 Qa5 12. h4 h5 13. g5 Nd7 14. f4 Nb4 15.
Nge2 Bg4 16. a3 Nc6 17. Bh3 Bxh3 18. Rxh3 b5 19. Nd5 Qxd2 20. Rxd2 Nc5 21. Re3
Rfd8 22. Nd4 Bxd4 23. Bxd4 Kf8 24. Bb2 a5 25. f5 Ne5 26. f6 exf6 27. Nxf6 a4 28.
Ka2 axb3+ 29. cxb3 Ra8 30. Rd5 Nc6 31. Kb1 Na5 32. b4 Nc4 33. bxc5 Nxe3 34. Rxd6
Nc4 35. Nh7+ Ke8 36. Nf6+ Ke7 37. Nd5+ Kf8 38. Rxd8+ Rxd8 39. c6 Nd2+ 40. Kc2
Nxe4 41. c7 Re8 42. Bd4 f5 43. Nb6 Kf7 44. c8=Q Rxc8+ 45. Nxc8 Ke6 46. Na7 Nd6
47. Bc5 Ne4 48. Bb4 f4 49. Nxb5 Ng3 50. Nd4+ Kd5 51. Kd3 Ne4 52. Nf3 Nf2+ 53.
Ke2 Ne4 54. a4 Kc4 55. Be1 Kd5 56. a5 Nc5 57. Bf2 Na6 58. Kd3 Nb4+ 59. Kc3 Na6
60. Nd2 Nc7 61. Kb4 Ne8 62. a6 Kc6 63. a7 Kb7 64. Kc4 Nc7 65. Kd3 Ne6 66. Nf3
Ng7 67. Ne5 1-0

[Event "World Rapid Women 2025"]
[Site "Doha QAT"]
[Date "2025.12.26"]
[Round "2.24"]
[White "Aydin, Gulenay"]
[Black "Vantika, Agrawal"]
[Result "1/2-1/2"]
[WhiteTitle "WIM"]
[BlackTitle "IM"]
[WhiteElo "2259"]
[BlackElo "2369"]
[WhiteFideId "34557431"]
[BlackFideId "25050389"]
[EventDate "2025.12.26"]

1. e4 e6 2. d4 d5 3. Nd2 c5 4. exd5 Qxd5 5. dxc5 Nf6 6. Ngf3 Qxc5 7. a4 Be7 8.
Nb3 Qc7 9. Bd3 O-O 10. O-O Nc6 11. c3 e5 12. Re1 h6 13. h3 Re8 14. Nbd2 Be6 15.
Qe2 Bd6 16. Nh4 Ne7 17. a5 a6 18. Nc4 Bxc4 19. Bxc4 e4 20. Be3 Rac8 21. Bb3 Be5
22. g3 Bxg3 23. fxg3 Qxg3+ 24. Ng2 Ng6 25. Qf2 Qxh3 26. Nf4 Nxf4 27. Qxf4 Kh8
28. Re2 Nh5 29. Qh2 Qg4+ 30. Rg2 Qf3 31. Bd4 Nf6 32. Rf1 Ng4 33. Rxf3 Nxh2 34.
Bxg7+ Kh7 35. Rxf7 Nf3+ 36. Kf1 Ng5 37. Rxb7 Rb8 38. Rxb8 Rxb8 39. Bf6 Rxb3 40.
Bxg5 hxg5 41. Rxg5 Rxb2 42. Ke1 Rc2 43. Re5 Rxc3 44. Rxe4 Rc5 45. Ra4 1/2-1/2

[Event "World Rapid Women 2025"]
[Site "Doha QAT"]
[Date "2025.12.26"]
[Round "2.25"]
[White "Danielian, Elina"]
[Black "Karimova, Guldona"]
[Result "1-0"]
[WhiteTitle "GM"]
[BlackTitle "WIM"]
[WhiteElo "2408"]
[BlackElo "2288"]
[WhiteFideId "13300210"]
[BlackFideId "14210410"]
[EventDate "2025.12.26"]

1. d4 Nf6 2. c4 e6 3. Nc3 Bb4 4. e3 O-O 5. Bd3 Re8 6. Nf3 d5 7. O-O Nbd7 8. Qc2
c6 9. a3 Bd6 10. Rd1 h6 11. h3 Qe7 12. e4 dxc4 13. Bxc4 e5 14. Be3 exd4 15. Bxd4
Ne5 16. Nxe5 Bxe5 17. Qb3 Bxd4 18. Rxd4 b5 19. Bf1 Be6 20. Qc2 Red8 21. Rad1
Rxd4 22. Rxd4 Rd8 23. Qd2 Rxd4 24. Qxd4 Qc7 25. e5 Nd7 26. f4 Qb6 27. Qxb6 Nxb6
28. Kf2 Bc4 29. Be2 Bxe2 30. Kxe2 Nc4 31. Nd1 g5 32. g3 gxf4 33. gxf4 f5 34. Kd3
c5 35. a4 Kf7 36. axb5 Nb6 37. Ne3 Ke6 38. h4 h5 39. b3 Nc8 40. Nf1 Ne7 41. Ng3
Ng6 42. Nxh5 Nxh4 43. Kc4 Ng2 44. Kxc5 Kd7 45. b4 Ne3 46. b6 axb6+ 47. Kxb6 Nd5+
48. Kc5 Nc3 49. b5 Na4+ 50. Kd4 Nb6 51. Ng7 1-0

[Event "World Rapid Women 2025"]
[Site "Doha QAT"]
[Date "2025.12.26"]
[Round "2.26"]
[White "Ismayil, Malak"]
[Black "Preobrazhenskaya, Diana"]
[Result "0-1"]
[WhiteTitle "WIM"]
[BlackTitle "WFM"]
[WhiteElo "2138"]
[BlackElo "2131"]
[WhiteFideId "13412604"]
[BlackFideId "34270566"]
[EventDate "2025.12.26"]

1. e4 c5 2. Nf3 d6 3. Bb5+ Bd7 4. Bxd7+ Qxd7 5. d4 cxd4 6. Nxd4 Nf6 7. f3 Nc6 8.
c4 g6 9. Be3 Bg7 10. O-O O-O 11. Nc3 Rfc8 12. b3 a6 13. Rc1 Nxd4 14. Bxd4 b5 15.
cxb5 axb5 16. Qd3 Rab8 17. Ne2 e5 18. Bf2 b4 19. Rfd1 Rxc1 20. Nxc1 Bf8 21. Qd2
Rb5 22. Nd3 d5 23. Nxe5 Qe6 24. Ng4 Nxe4 25. fxe4 Qxg4 26. exd5 Bd6 27. Bg3 Bxg3
28. hxg3 Qxg3 29. Qd3 Qxd3 30. Rxd3 Kf8 31. Kf2 Ke7 32. d6+ Kd7 33. Kf3 Ra5 34.
Kf4 Rxa2 35. g4 f6 36. g5 fxg5+ 37. Kxg5 Ra6 38. Rd4 Rxd6 39. Rxb4 Rd5+ 40. Kh4
Kc6 41. Re4 Kd6 42. b4 Rb5 43. Kg4 Re5 44. Rc4 Rd5 45. Re4 Kd7 46. Kh4 h6 47.
Kg4 Rd1 48. Kh4 Rd6 49. Kg4 Kc6 50. Kh4 Kb5 51. Kg4 Rc6 52. Kg3 Rc3+ 53. Kg2 Rc4
54. Re6 Rg4+ 55. Kh3 h5 56. Rd6 Kxb4 57. Rc6 Kb5 58. Rc8 Rc4 59. Rg8 Rc6 60. Kh4
Kc5 61. Kg5 Kd5 62. Rd8+ Rd6 63. Re8 Re6 64. Rd8+ Kc6 65. Rc8+ Kd6 66. Rf8 Ke7
67. Rf2 Kd6 68. Rf1 Kd5 69. Rd1+ Kc4 70. Rd8 Kc5 71. Rd2 Rd6 72. Rc2+ Kd5 73.
Re2 Ra6 74. Re1 Kd4 75. Re8 Rc6 76. Re7 Kd5 77. Re1 Re6 78. Rd1+ Ke5 79. Re1+
Kd6 80. Rf1 Ke7 81. Rf2 Ra6 82. Rf1 Rc6 83. Rf2 Re6 84. Rf1 Kd7 85. Rf2 Rd6 86.
Re2 Kc6 87. Re1 Kd5 88. Re2 Kc4 89. Re1 Kc3 90. Re8 Kd3 91. Re7 Ra6 92. Re8 Kd4
93. Re1 Kd5 94. Re2 Rd6 95. Re1 Re6 96. Rd1+ Kc5 97. Rd2 Rd6 98. Re2 Kd4 99. Re1
Ra6 100. Re8 Kd5 101. Re2 Rb6 102. Re1 Kd4 103. Re8 Rd6 104. Re1 Rc6 105. Re8
Kd3 106. Re7 Rc8 107. Rh7 Rg8 108. Re7 Rh8 109. Kh4 Kd4 110. Re6 Rh6 111. Kg5
Rh8 112. Kh4 Rg8 113. Kg5 Kd5 114. Re1 Kd6 115. Re2 Kd7 116. Re1 Kd6 117. Re2
Kd5 118. Re1 Kd4 119. Re2 Rh8 120. Kxg6 h4 121. Kf5 h3 122. Rh2 Ke3 123. Kg4
Rg8+ 124. Kh4 Kf3 125. Rh1 Rh8+ 126. Kg5 h2 0-1

[Event "World Rapid Women 2025"]
[Site "Doha QAT"]
[Date "2025.12.26"]
[Round "2.27"]
[White "Nordahl, Christine"]
[Black "Gunina, Valentina"]
[Result "0-1"]
[BlackTitle "GM"]
[WhiteElo "1835"]
[BlackElo "2393"]
[WhiteFideId "1557939"]
[BlackFideId "4167570"]
[EventDate "2025.12.26"]

1. d4 d5 2. c4 c6 3. Nc3 Nf6 4. e3 e6 5. Nf3 Nbd7 6. Qc2 b6 7. cxd5 cxd5 8. Bd3
Bb7 9. O-O Rc8 10. Ne5 Nxe5 11. dxe5 Nd7 12. f4 g6 13. Qe2 Be7 14. Nb5 a6 15.
Nd4 Nc5 16. Bc2 O-O 17. Qg4 Ne4 18. Bxe4 dxe4 19. f5 exf5 20. Nxf5 h5 21. Qg3
Kh7 22. Nd4 Rc5 23. b4 h4 24. Qg4 Rxe5 25. Bb2 Rh5 26. Rad1 Qc8 27. Qf4 Bd5 28.
b5 axb5 29. Rc1 Qd8 30. Nxb5 Rf5 31. Qc7 Rxf1+ 32. Kxf1 Qxc7 33. Rxc7 Bc5 34.
Nc3 Bc4+ 35. Kf2 Re8 36. Na4 Rd8 37. Bf6 Rd1 38. g3 h3 39. g4 Rf1+ 40. Kg3 Bd6+ 0-1

[Event "World Rapid Women 2025"]
[Site "Doha QAT"]
[Date "2025.12.26"]
[Round "2.28"]
[White "Abrar Mohammed Ahmad Almalki"]
[Black "Maltsevskaya, Aleksandra"]
[Result "0-1"]
[BlackTitle "IM"]
[WhiteElo "1826"]
[BlackElo "2398"]
[WhiteFideId "21543143"]
[BlackFideId "24174041"]
[EventDate "2025.12.26"]

1. e4 c5 2. Nf3 e6 3. c3 d5 4. exd5 exd5 5. d4 Nc6 6. Bb5 Bd6 7. Bxc6+ bxc6 8.
O-O Ne7 9. Re1 O-O 10. Bg5 Qc7 11. h3 Nf5 12. Qc2 h6 13. Nh4 Nxd4 14. cxd4 hxg5
15. dxc5 Bh2+ 16. Kh1 gxh4 17. Nd2 g6 18. Nf3 Bf5 19. Qa4 Qf4 20. Qxc6 Be4 21.
Nxh2 Qxf2 22. Rg1 Rac8 23. Qb5 Rxc5 24. Qd7 Rc2 25. Qg4 Qg3 26. Qxg3 hxg3 27.
Ng4 f5 28. Ne3 Rxb2 29. a4 Kg7 30. Rad1 Rh8 0-1

[Event "World Rapid Women 2025"]
[Site "Doha QAT"]
[Date "2025.12.26"]
[Round "2.29"]
[White "Ju, Wenjun"]
[Black "Bivol, Alina"]
[Result "1-0"]
[WhiteTitle "GM"]
[BlackTitle "IM"]
[WhiteElo "2565"]
[BlackElo "2360"]
[WhiteFideId "8603006"]
[BlackFideId "4100123"]
[EventDate "2025.12.26"]

1. Nf3 e6 2. g3 d5 3. Bg2 Nf6 4. O-O Nc6 5. d4 Bd6 6. c4 O-O 7. Nbd2 Re8 8. b3
dxc4 9. Nxc4 Bf8 10. Bb2 a5 11. a3 Ra6 12. Rc1 b5 13. Nfe5 Nb8 14. Nd2 Bd6 15.
Qc2 Qe7 16. a4 bxa4 17. bxa4 Nd5 18. Ndc4 Bb7 19. e4 Nb4 20. Qe2 Ra7 21. Rfd1
Ba6 22. Qe3 Na2 23. Ra1 Nb4 24. Rdc1 Nd7 25. Nxd7 Bxc4 26. d5 Ra6 27. Qc3 e5 28.
Nxe5 Bxe5 29. Qxe5 Qxe5 30. Bxe5 Bxd5 31. exd5 Rxe5 32. Rxc7 Kf8 33. Rd1 Re8 34.
d6 Rd8 35. d7 Ke7 36. Bh3 Rc6 37. Rc8 f5 38. Bxf5 1-0

[Event "World Rapid Women 2025"]
[Site "Doha QAT"]
[Date "2025.12.26"]
[Round "2.30"]
[White "Assaubayeva, Bibisara"]
[Black "Beydullayeva, Govhar"]
[Result "1/2-1/2"]
[WhiteTitle "GM"]
[BlackTitle "WGM"]
[WhiteElo "2497"]
[BlackElo "2364"]
[WhiteFideId "13708694"]
[BlackFideId "13413015"]
[EventDate "2025.12.26"]

1. Nf3 d5 2. c4 e6 3. g3 Nf6 4. Bg2 Be7 5. O-O O-O 6. d3 c5 7. Ne5 Nbd7 8. Nxd7
Bxd7 9. e4 dxe4 10. dxe4 Bc6 11. Qe2 Nd7 12. f4 a6 13. a4 Re8 14. Nc3 Qb6 15.
Be3 Rad8 16. h4 f5 17. e5 Bxg2 18. Kxg2 Nb8 19. a5 Qc6+ 20. Kh3 Rf8 21. Na4 g6
22. b3 h5 23. Qf2 Rc8 24. Rfd1 Rfd8 25. Bxc5 Kf7 26. Bxe7 Rxd1 27. Rxd1 Kxe7 28.
Qd2 Qf3 29. Nb6 Re8 30. Qd6+ Kf7 31. Qd3 Qg4+ 32. Kg2 Nc6 33. Rd2 Rd8 34. Qe3
Rxd2+ 35. Qxd2 g5 36. hxg5 h4 37. Qf2 Nd4 38. Qxd4 Qe2+ 39. Qf2 h3+ 40. Kg1 h2+
41. Qxh2 Qe1+ 42. Kg2 Qe2+ 43. Kh3 Qg4+ 44. Kg2 Qe2+ 1/2-1/2

[Event "World Rapid Women 2025"]
[Site "Doha QAT"]
[Date "2025.12.26"]
[Round "2.31"]
[White "Kamalidenova, Meruert"]
[Black "Mkrtchyan, Mariam"]
[Result "0-1"]
[WhiteTitle "IM"]
[BlackTitle "WIM"]
[WhiteElo "2366"]
[BlackElo "2353"]
[WhiteFideId "13712802"]
[BlackFideId "13310828"]
[EventDate "2025.12.26"]

1. e4 e5 2. Nf3 Nc6 3. Bb5 a6 4. Ba4 Nf6 5. O-O Nxe4 6. d4 b5 7. Bb3 d5 8. dxe5
Be6 9. Qe2 Be7 10. Rd1 O-O 11. c3 Qd7 12. Be3 f5 13. exf6 Bxf6 14. Nbd2 Nxd2 15.
Qxd2 Rad8 16. Ng5 Bxg5 17. Bxg5 Rde8 18. Re1 Na5 19. Bc2 Bf5 20. Bxf5 Qxf5 21.
b3 Nb7 22. f3 h6 23. Be7 Rf7 24. Bh4 Rff8 25. Bg3 c5 26. Rad1 Rxe1+ 27. Rxe1 Rd8
28. h4 d4 29. Re7 Rd7 30. Rxd7 Qxd7 31. Qd3 Nd8 32. Bf2 Nc6 33. cxd4 cxd4 34. f4
Nb4 35. Qxd4 Qxd4 36. Bxd4 Nxa2 37. Be3 a5 38. Kf2 Nc3 39. Bb6 a4 40. Bd4 Nd5
41. bxa4 bxa4 42. Kf3 a3 43. g3 Nb4 44. Bc3 a2 45. Ke3 Nd5+ 46. Kd4 0-1

[Event "World Rapid Women 2025"]
[Site "Doha QAT"]
[Date "2025.12.26"]
[Round "2.32"]
[White "Yip, Carissa"]
[Black "Priyanka, Nutakki"]
[Result "0-1"]
[WhiteTitle "IM"]
[BlackTitle "WGM"]
[WhiteElo "2459"]
[BlackElo "2292"]
[WhiteFideId "2090732"]
[BlackFideId "25049615"]
[EventDate "2025.12.26"]

1. e4 e6 2. d3 d5 3. Qe2 Be7 4. Nf3 Nf6 5. g3 O-O 6. Bg2 h6 7. O-O c5 8. a4 Nc6
9. e5 Nh7 10. c3 Bd7 11. d4 Na5 12. Bf4 Nb3 13. Ra2 Qb6 14. Rd1 Rfc8 15. a5 Qb5
16. Bf1 c4 17. h4 Nxa5 18. Nh2 Nb3 19. Ng4 Qb6 20. Qf3 Bf8 21. Ne3 Qd8 22. h5 a5
23. Bh3 b5 24. Qg4 f5 25. exf6 Nxf6 26. Qf3 Ra6 27. Be5 Ne4 28. Qg4 Ra7 29. f3
Ng5 30. Bg2 Nf7 31. f4 Nxe5 32. fxe5 Be7 33. Rf1 Bg5 34. Qf3 Qe7 35. Ng4 Rf8 36.
Qd1 Rxf1+ 37. Qxf1 Ra8 38. Na3 Rf8 39. Qe1 Qf7 40. Nc2 Qxh5 41. Nce3 Qg6 42. Nf2
Bxe3 43. Qxe3 Qb1+ 44. Kh2 Qxa2 45. Ng4 Qb1 0-1

[Event "World Rapid Women 2025"]
[Site "Doha QAT"]
[Date "2025.12.26"]
[Round "2.33"]
[White "Injac, Teodora"]
[Black "Nguyen Hong Anh"]
[Result "1-0"]
[WhiteTitle "IM"]
[BlackTitle "WIM"]
[WhiteElo "2421"]
[BlackElo "2010"]
[WhiteFideId "932400"]
[BlackFideId "12406732"]
[EventDate "2025.12.26"]

1. Nf3 d5 2. g3 Nf6 3. Bg2 g6 4. c4 d4 5. b4 Bg7 6. Qa4+ c6 7. d3 O-O 8. Bb2
Nfd7 9. O-O a5 10. b5 Nb6 11. Qc2 cxb5 12. cxb5 a4 13. Na3 Be6 14. Rfc1 Qd6 15.
Qc5 Rd8 16. Qxd6 Rxd6 17. Nc2 Bd5 18. Ba3 Rd8 19. Bc5 N8d7 20. Bxd4 e5 21. e4
Be6 22. Be3 h6 23. Nb4 Ra5 24. a3 Rxb5 25. Rc7 Bf8 26. Rxb7 Nc5 27. Rc7 Nxd3 28.
Nxd3 Rxd3 29. Bf1 Rxe3 30. fxe3 Rb3 31. Rc6 Nd7 32. Bc4 Rxe3 33. Bxe6 fxe6 34.
Kf2 Rb3 35. Nd2 Rb2 36. Ke2 Nc5 37. Rc1 Nb3 38. R1c2 Nd4+ 39. Kd3 Nxc2 40. Rxc2
Rxc2 41. Kxc2 Bxa3 42. Nc4 Bc5 43. Nxe5 Kg7 44. Kc3 g5 45. g4 Bd6 46. Nf3 Kf6
47. Kc4 h5 48. h3 h4 49. Kc3 Kg6 50. Kc4 Kf6 51. Kc3 Be7 52. Kc4 Kf7 53. Nd4 Bf6
54. Nf3 Be7 55. Nd4 e5 56. Nf3 Ke6 57. Kc3 Kd6 58. Kb4 a3 59. Kxa3 Kc5 60. Kb3
Bf6 61. Kc3 Kd6 62. Kc4 Bd8 63. Kb5 Be7 64. Nd2 Ke6 65. Kc6 Ba3 66. Nb3 Bb2 67.
Nc5+ Ke7 68. Kd5 Bc3 69. Nd3 Kf6 70. Nc1 Bb2 71. Nb3 Bc3 72. Nc5 Ke7 73. Na6 Bb2
74. Nc7 Bc3 75. Ne6 Kf6 76. Nf8 Kf7 77. Nd7 Ke7 78. Nxe5 Bd2 79. Nc6+ Kd7 80. e5
Bf4 81. Nd4 Ke7 82. Nc6+ Kd7 83. e6+ Ke8 84. Ke4 Bd2 85. Kf5 Be3 86. Ne5 Ke7 87.
Nf3 1-0

[Event "World Rapid Women 2025"]
[Site "Doha QAT"]
[Date "2025.12.26"]
[Round "2.34"]
[White "Atalik, Ekaterina"]
[Black "Jiang, Tianyu"]
[Result "0-1"]
[WhiteTitle "IM"]
[WhiteElo "2349"]
[BlackElo "2224"]
[WhiteFideId "4130189"]
[BlackFideId "8627215"]
[EventDate "2025.12.26"]

1. d4 Nf6 2. Nf3 e6 3. e3 b6 4. Bd3 Bb7 5. O-O c5 6. b3 Be7 7. Bb2 O-O 8. Nbd2
d6 9. c4 Nbd7 10. Qe2 Rc8 11. Rad1 cxd4 12. exd4 d5 13. Ne5 Qc7 14. f4 Rcd8 15.
Rc1 dxc4 16. bxc4 Nb8 17. Ndf3 Nc6 18. Kh1 Nb4 19. Bb1 Ba6 20. Ng5 Nc6 21. Nexf7
Rxf7 22. Qxe6 Rf8 23. d5 Nd8 24. Qh3 h6 25. Nxf7 Nxf7 26. Qd3 Nd6 27. Bxf6 Rxf6
28. Qh7+ Kf7 29. Rfe1 Qd7 30. c5 bxc5 31. Rxc5 Bb7 32. Re6 Rxe6 33. dxe6+ Qxe6
34. Re5 Qg4 35. Qg6+ Qxg6 36. Bxg6+ Kf6 37. Bd3 Bd8 38. a4 a5 39. Re2 Bc6 40. f5
Nxf5 41. Be4 Bxe4 42. Rxe4 Be7 43. g4 Nd6 44. Rd4 Ke5 45. Rd1 Ne4 46. Kg2 Bb4
47. Rd7 Kf6 48. h4 Nc5 49. Ra7 Nxa4 50. Kf3 Nc3 51. Ra6+ Kf7 52. Ke3 Nd5+ 53.
Kd4 Nf4 54. Ke4 Ne6 55. Ra7+ Kf6 56. Ra6 Kf7 57. Ra7+ Kf8 58. Kf5 Nc5 59. Ra8+
Ke7 60. Ra7+ Nd7 61. g5 hxg5 62. hxg5 Kd6 63. Ra6+ Kd5 64. Ra7 Kc6 65. g6 Bc3
66. Ke6 Nc5+ 67. Kf7 a4 68. Kg8 Kd6 69. Kf7 Bb2 70. Kg8 Bc3 71. Kh7 Kd5 72. Kg8
Bb2 73. Kh7 Kc4 74. Rxg7 Bxg7 75. Kxg7 Ne6+ 76. Kf7 Kd5 0-1

[Event "World Rapid Women 2025"]
[Site "Doha QAT"]
[Date "2025.12.26"]
[Round "2.35"]
[White "Mammadzada, Gunay"]
[Black "Machlik, Monika"]
[Result "1-0"]
[WhiteTitle "IM"]
[WhiteElo "2390"]
[BlackElo "2084"]
[WhiteFideId "13403729"]
[BlackFideId "1513621"]
[EventDate "2025.12.26"]

1. Nf3 Nf6 2. d4 e6 3. g3 b5 4. Bg2 Bb7 5. O-O c5 6. c3 Be7 7. Bf4 O-O 8. a4 a6
9. Na3 b4 10. cxb4 cxb4 11. Nc4 d5 12. Ncd2 Nbd7 13. a5 Rc8 14. Ne1 Nb8 15. Nd3
Nc6 16. Nb3 Nd7 17. h4 Re8 18. Qd2 Ba8 19. Rfc1 Bf6 20. Nxb4 Nxb4 21. Qxb4 e5
22. Rxc8 Qxc8 23. dxe5 Nxe5 24. Bg5 Bxg5 25. hxg5 Nc4 26. Nd4 Qg4 27. Nf3 Qe4
28. b3 Nd2 29. Qxd2 Qe6 30. Nd4 Qd6 31. Rc1 Qe5 32. Qf4 Qe7 33. Rc7 Qf8 34. e3
Rd8 35. Bf1 Rd6 36. Rxf7 Qxf7 37. Qxd6 Qe8 38. Qe6+ Qxe6 39. Nxe6 Kf7 40. Nc7 1-0

[Event "World Rapid Women 2025"]
[Site "Doha QAT"]
[Date "2025.12.26"]
[Round "2.36"]
[White "Wang, Chuqiao"]
[Black "Pham, Le Thao Nguyen"]
[Result "1/2-1/2"]
[WhiteTitle "WIM"]
[BlackTitle "IM"]
[WhiteElo "2235"]
[BlackElo "2348"]
[WhiteFideId "8631638"]
[BlackFideId "12401226"]
[EventDate "2025.12.26"]

1. d4 d5 2. c4 c6 3. Nf3 Nf6 4. e3 Bf5 5. Nc3 e6 6. Nh4 Bg6 7. Be2 Nbd7 8. O-O
Bd6 9. g3 O-O 10. Nxg6 hxg6 11. b3 a6 12. Bb2 b5 13. Rc1 Qb8 14. cxd5 cxd5 15.
a4 b4 16. Nb1 Qb7 17. Nd2 Rfc8 18. Rxc8+ Rxc8 19. Qb1 Ne4 20. Nxe4 dxe4 21. Rc1
Rxc1+ 22. Qxc1 a5 23. Bb5 Nf6 24. Bc6 Qc7 25. Qc2 Nd5 26. Qc4 Nb6 27. Qb5 f5 28.
d5 Nxd5 29. Bxd5 exd5 30. Qxd5+ Kh7 31. Bd4 Bf8 32. Kg2 Qc2 33. Qf7 Qe2 34. Qxf8
Qf3+ 35. Kf1 Qd1+ 36. Kg2 Qf3+ 1/2-1/2